00554pam a2200205 a 4500001000800000005001700008008004100025010001700066020002700083020002200110040001800132041000800150043001200158080002600170082003000196100000700226101000800233245004100241504006600282450599320180104044926.0980309s1998 nyua b 001 0 eng  a 98016293  a0415912598 (hardcover) a0415912601 (pbk.) aDLCcDLCdDLC aeng as-bl--- a306.6781082908996 BUR00a306.6781082908996 BUR2211 a49 aSOC10aBlessed Anastácia :cJohn Burdick. aIncludes bibliographical references (p. [223]-240) and index.